Inside the mind of unchurched Harry & Mary : (Record no. 8715)

MARC details
000 -LEADER
fixed length control field 01355cam a2200325 a 4500
001 - CONTROL NUMBER
control field 4397770
003 - CONTROL NUMBER IDENTIFIER
control field GBCCL
005 - DATE AND TIME OF LATEST TRANSACTION
control field 20241126110656.0
008 - FIXED-LENGTH DATA ELEMENTS--GENERAL INFORMATION
fixed length control field 921117s1993 miu b 000 0deng
010 ## -
-- 92043193
020 ## - INTERNATIONAL STANDARD BOOK NUMBER
International Standard Book Number 0310375614 (pbk.)
020 ## - INTERNATIONAL STANDARD BOOK NUMBER
Canceled/invalid ISBN 9780310872757 (e-book)
040 ## - CATALOGING SOURCE
Original cataloging agency DLC
Transcribing agency DLC
Modifying agency DLC
050 00 -
-- BV3793
-- .S78 1993
082 00 - DEWEY DECIMAL CLASSIFICATION NUMBER
Classification number 269.2
Edition information 20
Item number LEE
100 1# - MAIN ENTRY--PERSONAL NAME
Personal name Strobel, Lee,
Dates associated with a name 1952-
9 (RLIN) 350
245 10 - TITLE STATEMENT
Title Inside the mind of unchurched Harry & Mary :
Remainder of title how to reach friends and family who avoid God and the church /
Statement of responsibility, etc. Lee Strobel ; foreword by Bill Hybels.
260 ## - PUBLICATION, DISTRIBUTION, ETC.
Place of publication, distribution, etc. Grand Rapids, Mich. :
Name of publisher, distributor, etc. Zondervan,
Date of publication, distribution, etc. c1993.
300 ## - PHYSICAL DESCRIPTION
Extent 236 p. ;
Dimensions 21 cm.
504 ## - BIBLIOGRAPHY, ETC. NOTE
Bibliography, etc. note Includes bibliographical references (p. 227-236).
600 10 - SUBJECT ADDED ENTRY--PERSONAL NAME
Personal name Strobel, Lee,
Dates associated with a name 1952-
9 (RLIN) 350
650 #0 - SUBJECT ADDED ENTRY--TOPICAL TERM
Topical term or geographic name entry element Evangelistic work.
9 (RLIN) 290
650 #0 - SUBJECT ADDED ENTRY--TOPICAL TERM
Topical term or geographic name entry element Irreligion.
9 (RLIN) 15369
856 42 - ELECTRONIC LOCATION AND ACCESS
Materials specified Publisher description
Uniform Resource Identifier <a href="http://www.loc.gov/catdir/enhancements/fy0633/92043193-d.html">http://www.loc.gov/catdir/enhancements/fy0633/92043193-d.html</a>
856 41 - ELECTRONIC LOCATION AND ACCESS
Materials specified Table of contents only
Uniform Resource Identifier <a href="http://www.loc.gov/catdir/enhancements/fy0633/92043193-t.html">http://www.loc.gov/catdir/enhancements/fy0633/92043193-t.html</a>
856 41 - ELECTRONIC LOCATION AND ACCESS
Materials specified Sample text
Uniform Resource Identifier <a href="http://www.loc.gov/catdir/enhancements/fy0642/92043193-s.html">http://www.loc.gov/catdir/enhancements/fy0642/92043193-s.html</a>
906 ## - LOCAL DATA ELEMENT F, LDF (RLIN)
a 7
b cbc
c orignew
d 1
e ocip
f 19
g y-gencatlg
942 ## - ADDED ENTRY ELEMENTS (KOHA)
Source of classification or shelving scheme Dewey Decimal Classification
Koha item type Books
Koha issues (borrowed), all copies 1
Holdings
Withdrawn status Lost status Source of classification or shelving scheme Damaged status Not for loan Home library Current Library Shelving location Date acquired Total checkouts Full call number Barcode Date last seen Copy number Price effective from Koha item type Date last checked out
    Dewey Decimal Classification     GRACE BIBLE COLLEGE GRACE BIBLE COLLEGE Ministry & Mission 2021-09-08   269.2 LEE 004854 2025-05-01 c.1 2021-09-08 Books  
    Dewey Decimal Classification     GRACE BIBLE COLLEGE GRACE BIBLE COLLEGE Ministry & Mission 2023-06-27 1 269.2 LEE 016292 2025-05-01 c.2 2023-06-27 Books 2023-09-30
© Grace Bible College Library 2025